| 000 | 00732nam a2200229 i 4500 | ||
|---|---|---|---|
| 001 | 27739 | ||
| 003 | ES-MaACL | ||
| 005 | 20250828090933.0 | ||
| 007 | t| | ||
| 008 | 030115s1972 sp ||||1| spa d | ||
| 080 | _a282"19"(04) | ||
| 100 | 1 |
_aAugustinovich, Agustín. _923896 |
|
| 245 | 1 | 0 |
_aVivencia de la Iglesia comunidad : _b(orientaciones para cursillistas) / _cAgustín Augustinovich. |
| 260 |
_aMadrid : _bSociedad de Educación Atenas, _c1972. |
||
| 300 |
_a162 p. ; _c19 cm. |
||
| 490 | 1 |
_aTemas vivos ; _v16 |
|
| 650 | 4 |
_aHistoria eclesiástica- _yS.XX. _9146437 |
|
| 710 | 2 |
_aSociedad de Educación Atenas _96665 |
|
| 830 | 1 |
_aTemas vivos ; _v16 _9181137 |
|
| 852 |
_aES-MaACL _jC-50672 |
||
| 999 |
_c27739 _d27739 |
||